Habitar el taller de diseño. Cuaderno pedagógico.

Saved in:
Bibliografiske detaljer
Institution som forfatter: Ministerio de las Culturas, las Artes y el Patrimonio. Gobierno de Chile (autor)
Format: Bog
Udgivet: Santiago, Chile: Ministerio de las Culturas, las Artes y el Patrimonio; Pontificia Universidad Católica de Valparaíso, 2022.
Udgivelse:1ª edición
Serier:Colección Educación Artística.
Fag:
Online adgang:Disponible Online - Ministerio de las Culturas
Tags: Tilføj Tag
Ingen Tags, Vær først til at tagge denne postø!

MARC

LEADER 00000nam a22000007a 4500
003 CL-VaPUC
005 20220922105532.0
008 220913t2022 ||||| |||| 00| 0 eng d
999 |c 438696  |d 438694 
020 |a 978-956-352-410-9 (papel) 
020 |a 978-956-352-405-5 (digital) 
040 |c Pontificia Universidad Católica de Valparaíso 
082 |2 22  |a 729 MIN 2022 
110 |9 602582  |a Ministerio de las Culturas, las Artes y el Patrimonio. Gobierno de Chile   |e autor 
245 |a Habitar el taller de diseño.  |b Cuaderno pedagógico. 
250 |a 1ª edición 
260 |a Santiago, Chile:   |b Ministerio de las Culturas, las Artes y el Patrimonio;  |b Pontificia Universidad Católica de Valparaíso,   |c 2022. 
300 |a 167 páginas. 
490 |a Colección Educación Artística. 
500 |a c.1-c.2. Donación Biblioteca Arquitectura. Memo ARQ 11/2022. 05/09/2022. 
583 |c 20220913  |k Catalogador Asistente 
610 0 |9 576472  |a Escuela de Arquitectura y Diseño. Pontificia Universidad Católica de Valparaíso  |x Patrimonio artístico y cultural   |x Historia 
650 0 |9 876615  |a Diseño industrial y gráfico   |x Proyectos   |x Educación escolar 
650 0 |9 876618  |a Arquitectura y diseño  |x Enseñanza y aprendizaje   |x Escuelas  
856 |u https://www.cultura.gob.cl/wp-content/uploads/2022/04/habitartallerdiseno.pdf  |y Disponible Online - Ministerio de las Culturas 
942 |2 ddc  |c BK 
952 |0 0  |1 0  |2 ddc  |4 0  |6 729_000000000000000_MIN_2022  |7 0  |8 A  |9 586710  |a BIBARQ  |b BIBARQ  |c GEN  |d 2022-09-13  |e Donación  |i 5654696  |l 3  |o 729 MIN 2022  |p 5654696  |r 2025-01-20  |s 2024-11-25  |t 1  |w 2022-09-13  |y BK  |k ARQ 
952 |0 0  |1 0  |2 ddc  |4 0  |6 729_000000000000000_MIN_2022  |7 0  |8 A  |9 586711  |a BIBARQ  |b BIBARQ  |c GEN  |d 2022-09-13  |e Donación  |i 5654697  |l 2  |o 729 MIN 2022  |p 5654697  |r 2025-01-20  |s 2024-04-26  |t 2  |w 2022-09-13  |y BK  |k ARQ